Normal view
MARC view
- مصر - تاريخ -حتى 332 ق.م
Entry Topical Term
001 - CONTROL NUMBER
- control field: 14773
003 - CONTROL NUMBER IDENTIFIER
- control field: JO-AjAnu
005 - DATE AND TIME OF LATEST TRANSACTION
- control field: 20230606072646.0
008 - FIXED-LENGTH DATA ELEMENTS
- fixed length control field: 230606|| aca||aabn | a|a d
040 ## - CATALOGING SOURCE
- Original cataloging agency: JO-AjAnu
- Transcribing agency: JO-AjAnu
150 ## - HEADING--TOPICAL TERM
- Topical term or geographic name entry element: مصر - تاريخ -حتى 332 ق.م
670 ## - SOURCE DATA FOUND
- Source citation: Work cat.: (JO-AjAnu)7586: تاليف سعد الله، محمد علي؛ نقديم محمد جمال الدين مختار, author 14772, الدور السياسي للملكات في مصر القديمة